000 00510nam a2200205 b 4500
001 00000000202183
003 OSt
005 20160411144237.0
008 040310s1977 esp 000 f spa d
020 _a84-239-0213-7
040 _cBMC
082 _aVe863.44
100 1 _aGallegos, Rómulo
_9132
_d1884-1969
245 1 0 _aCanaima
_cRómulo Gallegos
250 _a12ª ed
260 _aMadrid
_bEspasa-Calpe
_c1977
300 _a245 p.
_c18 cm
490 _aAustral
_v213
942 _2ddc
_cBK
_hprozim
999 _c154
_d154